Zakodowane Wiadomości - Statystyki

Ogólne statystyki
  • Ten quiz został rozwiązany 5 razy
  • Średni wynik to 3 z 6
Statystyki odpowiedzi
Kod Słowa Odpowiedź % Poprawnych
ςукіεрек Cukierek
100%
Дοмεκ Domek
100%
Κυлесзка Kuleczka
60%
Зιεμια Ziemia
40%
Ганзτωο Państwo
20%
ζезпκι Języki
0%
Nie znaleziono quizów pasujących do podanych kryteriów
Rozkład punktacji
Procent ludzi z każdym wynikiem
Percentyl według liczby udzielonych odpowiedzi
Twoja historia wyników
Nie rozwiązałeś tego quizu